| 000 | 00879nab a2200265 u 4500 | ||
|---|---|---|---|
| 001 | 19808 | ||
| 003 | HDC | ||
| 007 | cr bn ---aaaaa | ||
| 008 | 210302c20100512xx dr|noo 0 a eng d | ||
| 040 | _aHDC | ||
| 100 |
_aChua, Guan Cheong _eauthor _916514 |
||
| 245 | 0 |
_aShanghai: Global rollout for halal brand / by _cChua Guan Cheong |
|
| 260 |
_a[No place] : _b[publisher not identified], _c2010 |
||
| 300 | _a1 online resource | ||
| 336 |
_atext _2rdacontent |
||
| 337 |
_acomputer _2rdamedia |
||
| 338 |
_aonline resource _2rdacarrier |
||
| 650 |
_ahalal brand _9519 |
||
| 650 |
_ahalal certification _9753 |
||
| 710 | _aHalal Focus | ||
| 856 | _zRequest full-text at [email protected] | ||
| 942 | _2lcc | ||
| 942 | _cNEWS | ||
| 942 | _kNWSO 006267 | ||
| 999 |
_c17124 _d17124 |
||